Hóa học các hợp chất cao phân tử

Những khái niệm chung về các hợp chất cao phân tử trùng hợp gốc. Quá trình hợp dưới tác dụng của các hệ xúc tác, trùng hợp IONIC. Phản ứng trùng ngưng. Các phản ứng hóa học xảy ra trong phân tử. Dung dịch Polime và tính chất cơ lí của vật liệu polime...

Πλήρης περιγραφή

Αποθηκεύτηκε σε:
Λεπτομέρειες βιβλιογραφικής εγγραφής
Κύριος συγγραφέας: Ngô Duy Cường (Tác giả)
Μορφή: Βιβλίο
Γλώσσα:Vietnamese
Έκδοση: H. Đại học Quốc gia Hà Nội 2004
Έκδοση:In lần thứ 2
Θέματα:
Ετικέτες: Προσθήκη ετικέτας
Δεν υπάρχουν, Καταχωρήστε ετικέτα πρώτοι!
Thư viện lưu trữ: Mạng thư viện Đại học Đà Nẵng
LEADER 01463nam a2200373 4500
001 000008571
003 4761
005 20121022101015.0
008 111019s2004 viesd
020 |c 27900đ 
041 0 |a vie 
082 |a 547  |b NG-C 
100 0 |a Ngô Duy Cường 
245 0 |a Hóa học các hợp chất cao phân tử  |c Ngô Duy Cường 
250 |a In lần thứ 2 
260 |a H.  |b Đại học Quốc gia Hà Nội  |c 2004 
300 |a 155tr.  |c 27cm 
504 |a Thư mục: tr. 155 
520 |a Những khái niệm chung về các hợp chất cao phân tử trùng hợp gốc. Quá trình hợp dưới tác dụng của các hệ xúc tác, trùng hợp IONIC. Phản ứng trùng ngưng. Các phản ứng hóa học xảy ra trong phân tử. Dung dịch Polime và tính chất cơ lí của vật liệu polime 
653 |a Hóa học 
653 |a Polime 
653 |a Vật liệu Polime 
700 |a Ngô Duy Cường  |e Tác giả 
910 |a MPhuong  |d 19/10 
OWN |a LSP 
AVA |a UDN50  |b LSP  |d 547 NG-C  |e check_holdings  |t Error 5003 Not defined in file expand_doc_bib_avail.  |h N  |k 1 
999 |a From the UDN01 
AVA |a UDN50  |b LSP  |d 547 NG-C  |e available  |t Error 5001 Not defined in file expand_doc_bib_avail.  |f 49  |g 0  |h N  |i 22  |k 1 
TYP |a Monograph 
TYP |a Printed language 
980 |a Mạng thư viện Đại học Đà Nẵng